000 00653nam a2200277Ia 4500
005 20260324135608.0
008 008 260324s9999 xx 000 0 eng d
020 _a9781315038339
037 _aEBOOK
040 _aCRL
040 _beng
040 _cCRL
041 _2eng
041 _aeng
084 _qCRL
100 _aColin S. Gray; Geoffrey Sloan
_91201182
245 0 _aGeopolitics, Geography and Strategy
260 _bTaylor and Francis
260 _c2000
365 _a
365 _b255
856 _uhttp://www.taylorfrancis.com/books/9781315038339
942 _cEBOOK
999 _c1802438
_d1802438